<?xml version="1.0" encoding="UTF-8"?>
<record
    xmlns:xsi="http://www.w3.org/2001/XMLSchema-instance"
    xsi:schemaLocation="http://www.loc.gov/MARC21/slim http://www.loc.gov/standards/marcxml/schema/MARC21slim.xsd"
    xmlns="http://www.loc.gov/MARC21/slim">

  <leader>01310nam2a2200289   4500</leader>
  <controlfield tag="001">rc\2895538</controlfield>
  <controlfield tag="005">20260315053419.0</controlfield>
  <datafield tag="035" ind1=" " ind2=" ">
    <subfield code="a">(NLR Aleph) 007047489</subfield>
  </datafield>
  <datafield tag="090" ind1=" " ind2=" ">
    <subfield code="a">13589877</subfield>
    <subfield code="c">13589877</subfield>
  </datafield>
  <datafield tag="100" ind1=" " ind2=" ">
    <subfield code="a">20110727d1931    u  y0rusy50      ca</subfield>
  </datafield>
  <datafield tag="101" ind1="0" ind2=" ">
    <subfield code="a">rus</subfield>
  </datafield>
  <datafield tag="102" ind1=" " ind2=" ">
    <subfield code="a">RU</subfield>
  </datafield>
  <datafield tag="105" ind1=" " ind2=" ">
    <subfield code="a">a   z   |||||</subfield>
  </datafield>
  <datafield tag="200" ind1="1" ind2=" ">
    <subfield code="a">&#x41A;&#x43E;&#x442;&#x435;&#x43B;&#x44C;&#x43D;&#x43E;&#x435; &#x434;&#x435;&#x43B;&#x43E;</subfield>
    <subfield code="h">&#x427;. I ...</subfield>
    <subfield code="f">&#x418;&#x43D;&#x436;. &#x41F;.&#x412;. &#x421;&#x430;&#x43C;&#x43E;&#x439;&#x43B;&#x43E;&#x432;</subfield>
  </datafield>
  <datafield tag="210" ind1=" " ind2=" ">
    <subfield code="d">1931</subfield>
  </datafield>
  <datafield tag="215" ind1=" " ind2=" ">
    <subfield code="a">94 &#x441;., 2 &#x441;. &#x43E;&#x431;&#x44A;&#x44F;&#x432;&#x43B;.</subfield>
    <subfield code="c">&#x438;&#x43B;.</subfield>
  </datafield>
  <datafield tag="300" ind1=" " ind2=" ">
    <subfield code="a">&#x420;&#x435;&#x434;&#x430;&#x43A;&#x442;&#x43E;&#x440;&#x44B; &#x41E;&#x442;&#x434;. &#x43C;&#x435;&#x442;&#x430;&#x43B;&#x43B;&#x43E;&#x43E;&#x431;&#x440;&#x430;&#x431;&#x43E;&#x442;&#x43A;&#x438; &#x43F;&#x440;&#x43E;&#x444;. &#x41A;.&#x413;. &#x413;&#x440;&#x435;&#x439;&#x43D;&#x435;&#x440; &#x438; &#x43E;&#x442;&#x432;. &#x440;&#x435;&#x434;. &#x438;&#x43D;&#x436;. &#x413;.&#x42F;. &#x412;&#x435;&#x439;&#x43D;&#x431;&#x435;&#x440;&#x433;</subfield>
  </datafield>
  <datafield tag="461" ind1=" " ind2="0">
    <subfield code="1">001rc\2895537</subfield>
    <subfield code="1">2001#$a&#x420;&#x430;&#x431;&#x43E;&#x447;&#x438;&#x439; &#x442;&#x435;&#x445;&#x43D;&#x438;&#x43A;&#x443;&#x43C; &#x43D;&#x430; &#x434;&#x43E;&#x43C;&#x443;$i&#x41C;&#x435;&#x442;&#x430;&#x43B;&#x43B;&#x43E;&#x43E;&#x431;&#x440;&#x430;&#x431;&#x43E;&#x442;&#x43A;&#x430;$v&#x41A;&#x43D;. 5</subfield>
    <subfield code="9">6157743</subfield>
    <subfield code="c">&#x41B;&#x435;&#x43D;&#x438;&#x43D;&#x433;&#x440;&#x430;&#x434;</subfield>
    <subfield code="d">1931</subfield>
    <subfield code="i">&#x41C;&#x435;&#x442;&#x430;&#x43B;&#x43B;&#x43E;&#x43E;&#x431;&#x440;&#x430;&#x431;&#x43E;&#x442;&#x43A;&#x430;</subfield>
    <subfield code="n">&#x41F;&#x440;&#x438;&#x431;&#x43E;&#x439;</subfield>
    <subfield code="t">&#x420;&#x430;&#x431;&#x43E;&#x447;&#x438;&#x439; &#x442;&#x435;&#x445;&#x43D;&#x438;&#x43A;&#x443;&#x43C; &#x43D;&#x430; &#x434;&#x43E;&#x43C;&#x443;</subfield>
    <subfield code="v">&#x41A;&#x43D;. 5</subfield>
  </datafield>
  <datafield tag="700" ind1=" " ind2="1">
    <subfield code="a">&#x421;&#x430;&#x43C;&#x43E;&#x439;&#x43B;&#x43E;&#x432;</subfield>
    <subfield code="b">&#x41F;.&#x412;.</subfield>
  </datafield>
  <datafield tag="702" ind1=" " ind2="1">
    <subfield code="a">&#x413;&#x440;&#x435;&#x439;&#x43D;&#x435;&#x440;</subfield>
    <subfield code="b">&#x41A;.&#x413;.</subfield>
    <subfield code="4">340</subfield>
  </datafield>
  <datafield tag="702" ind1=" " ind2="1">
    <subfield code="4">340</subfield>
    <subfield code="7">ca</subfield>
    <subfield code="8">rus</subfield>
    <subfield code="a">&#x412;&#x435;&#x439;&#x43D;&#x431;&#x435;&#x440;&#x433;</subfield>
    <subfield code="b">&#x413;. &#x42F;.</subfield>
    <subfield code="c">&#x438;&#x43D;&#x436;&#x435;&#x43D;&#x435;&#x440;-&#x442;&#x435;&#x445;&#x43D;&#x43E;&#x43B;&#x43E;&#x433;, &#x43F;&#x440;&#x43E;&#x438;&#x437;&#x432;&#x43E;&#x434;&#x441;&#x442;&#x432;&#x43E; &#x441;&#x442;&#x430;&#x43B;&#x438;</subfield>
    <subfield code="f">1867-</subfield>
    <subfield code="g">&#x413;&#x440;&#x438;&#x433;&#x43E;&#x440;&#x438;&#x439; &#x42F;&#x43A;&#x43E;&#x432;&#x43B;&#x435;&#x432;&#x438;&#x447;</subfield>
    <subfield code="9">175084</subfield>
    <subfield code="3">RU\NLR\AUTH\770175135</subfield>
  </datafield>
  <datafield tag="801" ind1=" " ind2="0">
    <subfield code="a">RU</subfield>
    <subfield code="b">NLR</subfield>
    <subfield code="g">psbo</subfield>
  </datafield>
  <datafield tag="801" ind1=" " ind2="1">
    <subfield code="a">RU</subfield>
    <subfield code="b">ELAR</subfield>
    <subfield code="2">rusmarc</subfield>
  </datafield>
  <datafield tag="852" ind1=" " ind2=" ">
    <subfield code="a">NLR</subfield>
    <subfield code="j">30.18/392(5)</subfield>
  </datafield>
  <datafield tag="942" ind1=" " ind2=" ">
    <subfield code="c">UNSPEC</subfield>
  </datafield>
  <datafield tag="980" ind1=" " ind2=" ">
    <subfield code="a">NB</subfield>
  </datafield>
</record>
